[Event "Superliga w Szachach Szybkich"]
[Site "Wroclaw, Katowice, Krakow, Poznan"]
[Date "2023-10-17"]
[Round "3.6"]
[White "Warakomski, Tomasz"]
[Black "Leniart, Arkadiusz"]
[Result "1-0"]
[WhiteTitle "GM"]
[BlackTitle "GM"]
[WhiteElo "2461"]
[BlackElo "2418"]

1. e4 2. e5 3. Bc4 4. Nf6 5. d3 6. c6 7. Nf3 8. d5 9. Bb3 10. a5 11. Nc3 12. Bb4
13. a3 14. Bxc3+ 15. bxc3 16. dxe4 17. Nxe5 18. O-O 19. O-O 20. Qe7 21. d4 22.
a4 23. Ba2 24. Nbd7 25. f4 26. Nd5 27. Qe1 28. f6 29. c4 30. Nc7 31. c5+ 32. Nd5
33. Nc4 34. f5 35. Rb1 36. Kh8 37. Nd6 38. Ra7 39. c4 40. N5f6 41. h3 42. Nb8
43. Be3 44. Be6 45. Rb4 46. Ne8 47. d5 48. Bd7 49. Nxb7 50. Na6 51. Rb6 52. Bc8
53. Na5 54. Bd7 55. Nxc6 56. Bxc6 57. Rxc6 58. Nf6 59. Re6 60. Qd8 61. c6 1-0

[Event "Superliga w Szachach Szybkich"]
[Site "Wroclaw, Katowice, Krakow, Poznan"]
[Date "2023-10-17"]
[Round "3.7"]
[White "Zwardon, Vojtech"]
[Black "Klekowski, Maciej"]
[Result "1/2-1/2"]
[WhiteTitle "IM"]
[BlackTitle "GM"]
[WhiteElo "2424"]
[BlackElo "2405"]

1. c4 2. e5 3. g3 4. Nc6 5. Bg2 f5 6. Nf3 7. Nf6 8. O-O 9. Be7 10. Nc3 11. O-O
12. d3 13. d6 14. Rb1 15. a5 16. a3 17. Qe8 18. b4 19. axb4 20. axb4 21. Kh8 22.
b5 23. Nd8 24. Nd5 25. Nxd5 26. cxd5 27. Bd7 28. b6 29. c5 30. Nd2 31. f4 32.
Ne4 33. Qh5 34. f3 35. Qf7 36. Qb3 37. Ra4 38. Bd2 39. h5 40. Ra1 41. Rxa1 42.
Rxa1 43. Nc6 44. Bc3 45. Nd4 46. Bxd4 47. exd4 48. Ra7 49. Bc6 50. Bh3 51. Bxd5
52. Qa3 53. Qg6 54. Kf2 55. fxg3+ 56. Nxg3 57. h4 58. Nf1 59. Qe8 60. Qa4 61.
Bc6 62. Qb3 63. d5 64. Ra5 65. Bd6 66. Qb2 67. Kh7 68. Qc1 69. Qe7 70. Bg4 71.
h3 72. Bxh3 73. Re8 74. Ra2 75. c4 76. dxc4 77. dxc4 78. Qxc4 79. Qh4+ 80. Kg2
81. Re5 82. Ng3 83. Rg5 84. Qe6 85. Bxg3 86. Bf5+ 87. g6 88. Qf7+ 89. Kh6 90.
Qf8+ 91. Kh7 92. Qf7+ 1/2-1/2

[Event "Superliga w Szachach Szybkich"]
[Site "Wroclaw, Katowice, Krakow, Poznan"]
[Date "2023-10-17"]
[Round "3.8"]
[White "Antolak, Julia"]
[Black "Leks, Maria"]
[Result "1-0"]
[WhiteTitle "WGM"]
[BlackTitle "WFM"]
[WhiteElo "2192"]
[BlackElo "1998"]

1. e4 2. e5 3. Nf3 4. Nc6 5. Bb5 6. a6 7. Ba4 8. Nf6 9. d3 10. b5 11. Bb3 12. Be7
13. a4 14. Rb8 15. axb5 16. axb5 17. O-O 18. O-O 19. Nc3 20. d6 21. h3 22. Be6
23. Nd5 24. Nd7 25. Be3 26. Nc5 27. Bxc5 28. dxc5 29. c3 30. b4 31. Ra6 32. Bd7
33. Ba4 34. Qe8 35. Bxc6 36. Bxc6 37. Rxc6 38. Bd6 39. Ra6 40. bxc3 41. bxc3 42.
Qb5 43. Ra1 44. c6 45. Ne3 46. Qb2 47. Nc4 1-0

[Event "Superliga w Szachach Szybkich"]
[Site "Wroclaw, Katowice, Krakow, Poznan"]
[Date "2023-10-17"]
[Round "3.9"]
[White "Moranda, Wojciech"]
[Black "Shevchenko, Kirill"]
[Result "1/2-1/2"]
[WhiteTitle "GM"]
[BlackTitle "GM"]
[WhiteElo "2562"]
[BlackElo "2613"]

1. e4 2. e5 3. Nf3 4. Nc6 5. Bb5 6. a6 7. Ba4 8. Nf6 9. O-O 10. Bc5 11. c3 12.
b5 13. Bb3 14. d6 15. a4 16. Bg4 17. h3 18. Bh5 19. axb5 20. axb5 21. Rxa8 22.
Qxa8 23. d3 24. O-O 25. Bg5 26. Nd8 27. Bxf6 28. gxf6 29. d4 30. exd4 31. cxd4
32. Bxf3 33. gxf3 34. Ba7 35. Nc3 36. Ne6 37. Bxe6 38. fxe6 39. Nxb5 40. Bb6 41.
Qb3 42. Qe8 43. Kh2 44. Kh8 45. Rg1 46. Qd7 47. Qd3 48. c6 49. Nc3 50. d5 51.
Ne2 52. Bc7+ 53. Kh1 54. e5 55. Rg4 56. f5 57. exf5 58. Qxf5 59. Qxf5 60. Rxf5
61. Kg2 62. Rf6 63. Rg5 64. Rg6 65. Rxg6 66. hxg6 67. dxe5 68. Bxe5 69. b3 70.
Kg7 71. f4 72. Bb2 73. Kf3 74. Kf6 75. Ke3 76. c5 77. h4 78. Kf5 79. Kf3 80. c4
81. bxc4 82. dxc4 83. Ng3+ 84. Ke6 85. Ke4 86. Bf6 87. f5+ 88. gxf5+ 89. Nxf5
90. c3 91. Ne3 92. Bxh4 93. Kd3 1/2-1/2

[Event "Superliga w Szachach Szybkich"]
[Site "Wroclaw, Katowice, Krakow, Poznan"]
[Date "2023-10-17"]
[Round "3.10"]
[White "Areshchenko, Alexander"]
[Black "Plat, Vojtech"]
[Result "1/2-1/2"]
[WhiteTitle "GM"]
[BlackTitle "GM"]
[WhiteElo "2558"]
[BlackElo "2542"]

1. e4 2. c5 3. Nf3 4. Nc6 5. Bb5 6. g6 7. Bxc6 8. dxc6 9. d3 10. Bg7 11. h3 12.
Nf6 13. O-O 14. O-O 15. Nc3 16. Nd7 17. a4 18. a5 19. Be3 20. e5 21. Qd2 22. Re8
23. Nh2 24. b6 25. Bh6 26. Nf8 27. Bxg7 28. Kxg7 29. f4 30. exf4 31. Qxf4 32.
Ra7 33. Rf2 34. Ne6 35. Qe5+ 36. f6 37. Qg3 38. Nd4 39. Raf1 40. Rf7 41. Nd1 42.
Qc7 43. Qh4 44. Qe7 45. c3 46. Nb3 47. Ng4 48. Bxg4 49. hxg4 50. h6 51. Ne3 52.
Rd8 53. Rf3 54. Qe5 55. Nc4 56. Qg5 57. Qxg5 58. hxg5 59. e5 60. b5 61. exf6+
62. Kg8 63. Ne5 64. Nd2 65. Nxc6 66. Nxf3+ 67. Rxf3 68. Rd6 69. Ne7+ Kf8 70. Nxg6+
Ke8 71. Re3+ 72. Kd8 73. Ne5 74. Rfxf6 75. axb5 76. Kc7 77. Nc4 78. Rde6 79. Rh3
80. Re1+ 81. Kh2 82. Re2 83. Rh7+ 84. Kc8 85. Rh8+ 86. Kb7 87. Kg3 88. Rff2 89.
Rh2 90. a4 91. Rh7+ 92. Kb8 93. Rh8+ 94. Kb7 95. Rh7+ 96. Kb8 97. Rh8+ 98. Kb7
1/2-1/2

[Event "Superliga w Szachach Szybkich"]
[Site "Wroclaw, Katowice, Krakow, Poznan"]
[Date "2023-10-17"]
[Round "3.11"]
[White "Nasuta, Grzegorz"]
[Black "Piorun, Kacper"]
[Result "0-1"]
[WhiteTitle "GM"]
[BlackTitle "GM"]
[WhiteElo "2402"]
[BlackElo "2472"]

1. e4 2. e6 3. d4 4. d5 5. e5 6. c5 7. c3 8. Nc6 9. Nf3 10. Qc7 11. Be2 12. f6
13. Bf4 14. fxe5 15. dxe5 16. Nh6 17. O-O 18. g6 19. c4 20. d4 21. Nbd2 22. Bg7
23. Ne4 24. O-O 25. Qd2 26. Nf7 27. Nxc5 28. Nfxe5 29. Nd3 30. Nxf3+ 31. Bxf3
32. e5 33. Bd5+ 34. Kh8 35. Bg3 36. Bf5 37. Rae1 38. Rae8 39. Be4 40. a5 41. Re2
42. Bxe4 43. Rxe4 44. Qf7 45. b3 46. Qf5 47. Rfe1 48. Re7 49. a3 50. Rfe8 51.
h3 52. Bf6 53. b4 54. axb4 55. axb4 56. Nd8 57. c5 58. Nf7 59. f4 60. exf4 61.
Rxe7 62. Rxe7 63. Rxe7 64. Bxe7 65. Bxf4 66. Kg7 67. Kh2 68. h5 69. Qe2 70. Bg5
71. Bxg5 72. Nxg5 73. Kg1 74. Ne4 75. Qf3 76. Qxf3 77. gxf3 Nc3 78. Kf2 79. Kf6
80. Nb2 81. Ke6 82. Nc4 83. Kd5 84. Na5 85. Na2 86. Nxb7 87. Nxb4 88. Ke2 89.
Na6 90. Nd6 91. Nxc5 92. Nf7 93. Ne6 94. h4 95. Nf4+ 96. Kf2 97. Kc4 98. Kg3 99.
Ne2+ 100. Kf2 101. Nf4 102. Kg3 103. d3 104. Nd6+ 105. Kd4 106. Ne4 107. Ke3 0-1

[Event "Superliga w Szachach Szybkich"]
[Site "Wroclaw, Katowice, Krakow, Poznan"]
[Date "2023-10-17"]
[Round "3.12"]
[White "Jarocka, Liwia"]
[Black "Maltsevskaya, Aleksandra"]
[Result "1/2-1/2"]
[WhiteTitle "FM"]
[BlackTitle "IM"]
[WhiteElo "1975"]
[BlackElo "2348"]

1. e4 2. c5 3. Nf3 4. e6 5. d4 6. cxd4 7. Nxd4 8. Nc6 9. Nc3 10. Nf6 11. a3 12.
d5 13. exd5 14. exd5 15. Bb5 16. Bd7 17. Be3 18. Bd6 19. Qd2 20. O-O 21. O-O-O
22. Rc8 23. Kb1 24. a6 25. Be2 26. b5 27. Bg5 28. Be6 29. Nxc6 30. Rxc6 31. Nxd5
32. Bxd5 33. Bxf6 34. Qxf6 35. Qxd5 36. Rfc8 37. Bd3 38. g6 39. Rhe1 40. b4 41.
Re8+ 42. Kg7 43. axb4 44. Bxb4 45. Rxc8 46. Rxc8 47. f4 48. Rc5 49. Qb3 50. Ba5
51. f5 52. gxf5 53. Rf1 54. Bc7 55. Qb7 56. a5 57. g4 58. f4 59. Qe4 60. h6 61.
h4 62. Be5 63. g5 64. hxg5 65. hxg5 66. Qxg5 67. Rh1 68. Rc8 69. Qb7 70. Rc7 71.
Rh7+ 72. Kf6 73. Qb6+ 74. Ke7 75. Qb3 76. Qf6 77. Bc4 78. Qc6 79. Rxf7+ 80. Kd6
81. Qa3+ 82. Qc5 83. Qd3+ 84. Qd4 85. Qxd4+ 86. Bxd4 87. Rxc7 88. Kxc7 89. b3
90. f3 91. Kc1 92. Kd6 93. Kd2 94. Ke5 95. Ke1 96. Ke4 97. Kf1 98. Ke3 99. Bd3
100. Kd2 101. Be4 102. f2 103. Bf5 1/2-1/2

[Event "Superliga w Szachach Szybkich"]
[Site "Wroclaw, Katowice, Krakow, Poznan"]
[Date "2023-10-17"]
[Round "3.13"]
[White "Psyk, Radoslaw"]
[Black "Harikrishna, Pentala"]
[Result "0-1"]
[WhiteTitle "k++"]
[BlackTitle "GM"]
[WhiteElo "2327"]
[BlackElo "2630"]

1. e4 2. c5 3. Be2 4. d5 5. exd5 6. Nf6 7. c4 8. e6 9. dxe6 10. Bxe6 11. Nf3 12.
Nc6 13. d3 14. Bd6 15. Nc3 16. O-O 17. O-O 18. h6 19. Ne4 20. Re8 21. Be3 22.
Nxe4 23. dxe4 24. Qc7 25. h3 26. Rad8 27. Qc2 28. Qc8 29. Rfd1 30. Bxh3 31. e5
32. Bf5 33. Qa4 34. Nxe5 35. Nxe5 36. Bxe5 37. Qxa7 38. Bd4 39. Bxd4 40. cxd4
41. Bf3 42. Qxc4 43. Qxb7 44. Bc2 45. Rd2 46. d3 47. g3 48. Rb8 49. Qd7 50. Qb4
51. Rxd3 52. Bxd3 53. Qxd3 54. Qxb2 55. Qf1 56. Qf6 57. Bd5 58. Rb2 59. Kg2 60.
Ree2 0-1

[Event "Superliga w Szachach Szybkich"]
[Site "Wroclaw, Katowice, Krakow, Poznan"]
[Date "2023-10-17"]
[Round "3.14"]
[White "Bartel, Mateusz"]
[Black "Koziorowicz, Michal"]
[Result "1-0"]
[WhiteTitle "GM"]
[BlackTitle "FM"]
[WhiteElo "2520"]
[BlackElo "2177"]

1. e4 2. c5 3. Nf3 4. d6 5. Nc3 6. Nf6 7. e5 8. dxe5 9. Nxe5 10. Nbd7 11. d4 12.
Nxe5 13. dxe5 14. Qxd1+ 15. Kxd1 16. Ng4 17. Bb5+ 18. Bd7 19. e6 20. Bxb5 21.
Nxb5 22. O-O-O 23. Ke2 24. a6 25. Nc3 fxe6 26. Na4 27. Rd5 28. h3 29. Nf6 30.
Be3 31. Nd7 32. c4 33. Re5 34. f4 35. Rxe3+ 36. Kxe3 37. g6 38. Rad1 39. Bg7 40.
Rxd7 41. Kxd7 42. Nxc5+ 43. Kc6 44. Nd3 45. Rf8 46. b3 47. Rf5 48. g4 49. Rf8
50. Rd1 51. a5 52. Ke4 53. Rd8 54. Ne5+ 55. Kc7 56. Rxd8 57. Kxd8 58. Nf7+ 59.
Kd7 60. Ng5 61. h5 62. Nf3 63. hxg4 64. hxg4 65. Kd6 66. Nh4 67. Kc5 68. Kd3 69.
Kb4 70. Kc2 71. Ka3 72. Nxg6 73. Kxa2 74. Nxe7 75. Ka3 76. Nc8 77. Kb4 78. Nd6
79. b6 80. Ne8 81. Bh8 82. Nc7 83. a4 84. bxa4 85. Kxa4 86. Nxe6 87. Kb4 88. Kd3
89. b5 90. cxb5 91. Kxb5 92. g5 1-0

[Event "Superliga w Szachach Szybkich"]
[Site "Wroclaw, Katowice, Krakow, Poznan"]
[Date "2023-10-17"]
[Round "3.15"]
[White "Dzida, Kamil"]
[Black "Gumularz, Szymon"]
[Result "1/2-1/2"]
[WhiteTitle "m"]
[BlackTitle "GM"]
[WhiteElo "2129"]
[BlackElo "2553"]

1. e4 2. e5 3. Nf3 4. Nc6 5. Nc3 6. Nf6 7. d4 8. exd4 9. Nxd4 10. Bb4 11. Nxc6
12. bxc6 13. Bd3 14. O-O 15. O-O 16. d5 17. exd5 18. cxd5 19. Bg5 20. Be6 21.
Qf3 22. h6 23. Bxf6 24. Qxf6 25. Qxf6 26. gxf6 27. Ne2 28. c5 29. Nf4 30. c4 31.
Be2 32. Bd6 33. Nxd5 34. Bxd5 35. Rad1 36. Rad8 37. Rxd5 38. Bxh2+ 39. Kxh2 40.
Rxd5 41. Bxc4 42. Rd4 43. Bd3 44. Re8 45. Kg3 46. Kg7 47. Rh1 48. Re5 49. b3 50.
a5 51. a4 52. h5 53. f4 54. Rc5 55. Kf3 56. Rd8 57. g3 58. Re8 59. Rb1 60. Rc3
61. Rh1 62. Rc5 63. Rb1 64. Rc3 65. Rh1 66. Rc5 1/2-1/2

[Event "Superliga w Szachach Szybkich"]
[Site "Wroclaw, Katowice, Krakow, Poznan"]
[Date "2023-10-17"]
[Round "3.16"]
[White "Zawadzka, Jolanta"]
[Black "Siekanska, Maria"]
[Result "1/2-1/2"]
[WhiteTitle "WGM"]
[BlackTitle "k++"]
[WhiteElo "2258"]
[BlackElo "2006"]

1. e4 2. c5 3. Nf3 4. d6 5. Bb5+ 6. Bd7 7. Bxd7+ 8. Qxd7 9. O-O 10. Nf6 11. Re1
12. Nc6 13. c3 14. e6 15. d4 16. cxd4 17. cxd4 18. d5 19. e5 20. Ne4 21. Nbd2
22. Nxd2 23. Bxd2 24. Be7 25. Rc1 26. O-O 27. Rc3 28. Rac8 29. Rd3 30. Nb4 31.
Rb3 32. Nc6 33. h4 34. Rc7 35. h5 36. h6 37. a3 38. Rfc8 39. Rd3 40. b5 41. Nh2
42. f5 43. exf6 44. Bxf6 45. Bf4 46. Rb7 47. Ng4 48. Qf7 49. Bxh6 50. Nxd4 51.
Nxf6+ 52. Qxf6 53. Rxd4 54. Qxh6 55. Qe2 56. Rc1 57. Rxc1 58. Qxc1+ 59. Kh2 60.
Rb6 61. Rg4 62. Qc7+ 63. g3 64. e5 65. Rg5 66. Re6 67. Qg4 68. Rf6 69. Kg2 70.
Qf7 71. Qe2 72. e4 73. Qd2 74. Rf5 75. h6 76. Rxg5 77. Qxg5 78. g6 79. g4 80.
Kh7 81. Qe3 82. Qd7 83. g5 84. Qg4+ 85. Kf1 86. Qd1+ 87. Kg2 88. Qg4+ 89. Qg3
90. Qd7 91. Qe3 92. Qg4+ 93. Kf1 94. Qd1+ 95. Kg2 96. Qg4+ 1/2-1/2

[Event "Superliga w Szachach Szybkich"]
[Site "Wroclaw, Katowice, Krakow, Poznan"]
[Date "2023-10-17"]
[Round "4.1"]
[White "Brodowski, Piotr"]
[Black "Harikrishna, Pentala"]
[Result "0-1"]
[WhiteTitle "IM"]
[BlackTitle "GM"]
[WhiteElo "2367"]
[BlackElo "2630"]

1. Nf3 d5 2. c4 dxc4 3. Qa4+ Nc6 4. g3 Bd7 5. Qxc4 e5 6. Bg2 Bd6 7. O-O Nf6 8.
d4 O-O 9. dxe5 Nxe5 10. Nxe5 Bxe5 11. Nc3 c6 12. Be3 Re8 13. Rfd1 Qc8 14. Rac1
Be6 15. Qb4 a5 16. Qa3 Bh3 17. Bf3 Bg4 18. Na4 Bc7 19. Bd4 Bxf3 20. Qxf3 Ne4 21.
Nc5 Nxc5 22. Bxc5 Qe6 23. e3 Qxa2 24. Rd7 Rac8 25. Rcd1 Qe6 26. h4 h6 27. Ba3
b5 28. Bc5 a4 29. R1d2 Be5 30. Rb7 Rcd8 31. Rxd8 Rxd8 32. Re7 Qd5 33. Qxd5 0-1

[Event "Superliga w Szachach Szybkich"]
[Site "Wroclaw, Katowice, Krakow, Poznan"]
[Date "2023-10-17"]
[Round "4.2"]
[White "Bartel, Mateusz"]
[Black "Licznerski, Lukasz"]
[Result "1-0"]
[WhiteTitle "GM"]
[BlackTitle "IM"]
[WhiteElo "2520"]
[BlackElo "2423"]

1. e4 c6 2. d4 d5 3. e5 Bf5 4. Nf3 e6 5. Be2 Ne7 6. O-O Bg6 7. c3 Nd7 8. Nh4 c5
9. Be3 Nf5 10. Nxf5 Bxf5 11. dxc5 Bxc5 12. Bxc5 Nxc5 13. Qd4 Qb6 14. Nd2 O-O 15.
Nb3 Nd7 16. Qxb6 Nxb6 17. Nd4 Bg6 18. a4 Nd7 19. f4 Be4 20. a5 a6 21. g3 Rac8
22. Kf2 Rfe8 23. Ke3 f6 24. Bg4 Nf8 25. Kd2 Rc7 26. h4 Rce7 27. Bh5 Rd8 28. exf6
gxf6 29. Rae1 Nd7 30. g4 Nc5 31. g5 f5 32. Re3 Nd7 33. Be2 Nb8 34. b4 Rc8 35.
h5 Nc6 36. Nxc6 Rxc6 37. Rg3 Rec7 38. Rc1 Rd6 39. Bd1 e5 40. fxe5 Re6 41. Bb3
Rxe5 42. Rf1 Kg7 43. Rf4 d4 44. cxd4 Rb5 45. Rc3 Rd7 46. Ke3 Rxb4 47. Be6 Re7
48. d5 Rb1 49. Rc8 Rb3+ 50. Kd4 Rd3+ 51. Kc4 Rxe6 52. dxe6 Rd1 53. Rc7+ Kg8 54.
Kc5 Rd5+ 55. Kb6 Rd6+ 56. Ka7 Rxe6 57. Rf2 Re8 58. h6 Rf8 59. Rg7+ Kh8 60. Rf4
Rg8 61. Rf7 Rxg5 62. Rf2 Rg8 63. Rd2 b5 64. Kxa6 b4 65. Rdd7 f4 66. Rxf4 Ra8+
67. Kb6 Rb8+ 68. Kc7 Re8 69. Rxe4 1-0

[Event "Superliga w Szachach Szybkich"]
[Site "Wroclaw, Katowice, Krakow, Poznan"]
[Date "2023-10-17"]
[Round "4.3"]
[White "Klimkowski, Jan"]
[Black "Gumularz, Szymon"]
[Result "1-0"]
[WhiteTitle "IM"]
[BlackTitle "GM"]
[WhiteElo "2368"]
[BlackElo "2553"]

1. d4 d5 2. c4 c6 3. Nf3 Nf6 4. Nc3 a6 5. g3 g6 6. Bg2 Bg7 7. O-O O-O 8. Ne5 dxc4
9. Nxc4 Be6 10. Ne5 Nbd7 11. Nd3 Nd5 12. e4 Nxc3 13. bxc3 Bc4 14. Re1 b5 15. Ba3
Re8 16. Nb2 Nb6 17. Bc5 Nd7 18. Ba3 Nb6 19. Bc5 Nd7 20. Nxc4 Nxc5 21. Nb2 Ne6
22. Nd3 Qa5 23. Qc2 Rac8 24. Bh3 Ng5 25. Bg2 Ne6 26. e5 c5 27. d5 c4 28. Nb4 Nc5
29. Rad1 Qb6 30. e6 f5 31. d6 exd6 32. Nd5 Qa7 33. e7 Nd3 34. Re3 a5 35. h4 b4
36. h5 bxc3 37. hxg6 hxg6 38. Re6 Ne5 39. Rxd6 Qc5 40. Re6 Kf7 41. Nf4 Rxe7 42.
Bd5 Rxe6 43. Bxe6+ Ke8 44. Bxc8 Qxc8 45. Qxc3 Kf7 46. Qxa5 Qc6 47. Qd5+ Qxd5 48.
Rxd5 c3 49. Rc5 g5 50. Rc7+ Kg8 51. Nd5 Nf3+ 52. Kg2 Ne1+ 53. Kf1 1-0

[Event "Superliga w Szachach Szybkich"]
[Site "Wroclaw, Katowice, Krakow, Poznan"]
[Date "2023-10-17"]
[Round "4.4"]
[White "Zawadzka, Jolanta"]
[Black "Kulon, Klaudia"]
[Result "0-1"]
[WhiteTitle "WGM"]
[BlackTitle "IM"]
[WhiteElo "2258"]
[BlackElo "2271"]

1. e4 d5 2. exd5 Qxd5 3. Nc3 Qd8 4. d4 Nf6 5. Nf3 g6 6. Bc4 Bg7 7. h3 O-O 8. O-O
Nc6 9. a3 e6 10. Bg5 h6 11. Be3 Ne7 12. Qd2 Nf5 13. Rad1 Nd5 14. Ba2 b6 15. Nxd5
exd5 16. Bf4 Be6 17. Ne5 g5 18. Bh2 Nd6 19. c3 f5 20. Rfe1 Qf6 21. Nd3 f4 22.
Nb4 Nc4 23. Qe2 Rfe8 24. Bxc4 dxc4 25. d5 Bf7 26. Qxc4 c5 27. Na6 Rxe1+ 28. Rxe1
Qd6 29. Rd1 Rd8 30. Qe2 Re8 31. Qb5 Qe5 32. Kh1 Rd8 33. c4 Qxb2 34. Qxb2 Bxb2
35. a4 Be8 36. Nc7 Bxa4 37. Rb1 Bd4 38. g3 Bc2 39. Rc1 Be4+ 40. Kg1 fxg3 41. Bxg3
Rd7 42. Ne6 Bf6 43. Kf1 a5 44. f3 Bd3+ 45. Kg2 a4 46. Be1 Bb2 47. Rd1 Bxc4 48.
Kf2 a3 49. f4 a2 0-1

[Event "Superliga w Szachach Szybkich"]
[Site "Wroclaw, Katowice, Krakow, Poznan"]
[Date "2023-10-17"]
[Round "4.5"]
[White "Piorun, Kacper"]
[Black "Psyk, Radoslaw"]
[Result "1-0"]
[WhiteTitle "GM"]
[BlackTitle "k++"]
[WhiteElo "2472"]
[BlackElo "2327"]

1. d4 e6 2. Nf3 Nf6 3. e3 d5 4. Bd3 b6 5. b3 Be7 6. Bb2 O-O 7. O-O c5 8. Qe2 Bb7
9. Nbd2 Nc6 10. a3 Rc8 11. Rfd1 Qc7 12. dxc5 bxc5 13. c4 Rfd8 14. cxd5 exd5 15.
Rac1 Qb6 16. Rb1 Re8 17. Nf1 Rcd8 18. Qc2 h6 19. Ng3 Na5 20. Nf5 Bf8 21. b4 cxb4
22. axb4 Nc4 23. Bd4 Qe6 24. Qa2 Ne4 25. Ng3 Nxg3 26. hxg3 a6 27. Bc5 Rc8 28.
Nd4 Qe5 29. Bf1 Qe4 30. Bxf8 Rxf8 31. Nb3 Qe7 32. Nc5 Ba8 33. Qxa6 Nd6 34. Qd3
Rfd8 35. Rdc1 Nc4 36. Qd4 Nd6 37. Bd3 Rb8 38. b5 Nc4 39. Bxc4 dxc4 40. Qxc4 Bd5
41. Qb4 Rdc8 42. e4 Ba2 43. Rb2 Be6 44. Rcc2 Qd6 45. Rd2 Qxc5 46. Rd8+ Kh7 47.
Qxc5 Rxd8 48. b6 Rd1+ 49. Kh2 Rb7 50. f3 Rdd7 51. g4 Re7 52. Qxe7 1-0

[Event "Superliga w Szachach Szybkich"]
[Site "Wroclaw, Katowice, Krakow, Poznan"]
[Date "2023-10-17"]
[Round "4.6"]
[White "Szpar, Milosz"]
[Black "Socko, Bartosz"]
[Result "1/2-1/2"]
[WhiteTitle "IM"]
[BlackTitle "GM"]
[WhiteElo "2398"]
[BlackElo "2522"]

1. e4 c6 2. d4 d5 3. e5 c5 4. dxc5 e6 5. a3 Bxc5 6. Qg4 Ne7 7. b4 Bb6 8. Nf3 Kf8
9. Bd3 h6 10. Bb2 Nbc6 11. Nbd2 Bd7 12. O-O Nf5 13. c4 Nce7 14. c5 Bc7 15. h4
h5 16. Qh3 Qe8 17. Rfe1 Bb5 18. Bb1 Rd8 19. Nb3 b6 20. Bxf5 Nxf5 21. Nfd4 Nxd4
22. Bxd4 Bc4 23. Nd2 bxc5 24. Bxc5+ Kg8 25. Bxa7 Rh6 26. Nf3 Rg6 27. Ng5 d4 28.
Rac1 Qb5 29. Qf3 Rd7 30. Bc5 d3 31. a4 Qa6 32. b5 Qxa4 33. Ra1 d2 34. Red1 Qxb5
35. Ra8+ Bb8 36. Qc6 Rd8 37. Qxb5 Bxb5 38. Bd6 Bc7 39. Rxd8+ Bxd8 40. Rxd2 Bxg5
41. hxg5 Rxg5 42. f3 Rf5 43. Rd4 Bc6 44. Kh2 Bd5 45. Rb4 Kh7 46. Ra4 g5 47. Rb4
Kg6 48. Rb8 Rf4 49. Rg8+ Kf5 50. Rg7 f6 51. exf6 Rh4+ 52. Kg3 Kxf6 53. Rxg5 Kxg5
54. Be7+ 1/2-1/2

[Event "Superliga w Szachach Szybkich"]
[Site "Wroclaw, Katowice, Krakow, Poznan"]
[Date "2023-10-17"]
[Round "4.7"]
[White "Janik, Igor"]
[Black "Pacan-milej, Kosma"]
[Result "1-0"]
[WhiteTitle "GM"]
[BlackTitle "FM"]
[WhiteElo "2473"]
[BlackElo "2232"]

1. e4 c6 2. Nf3 d5 3. d3 dxe4 4. dxe4 Qxd1+ 5. Kxd1 Nd7 6. a4 Nc5 7. Nfd2 f5 8.
e5 Nh6 9. h3 Nf7 10. Nf3 Ne4 11. Be3 g5 12. Bc4 Bg7 13. Bxf7+ Kxf7 14. Nbd2 h6
15. Nxe4 fxe4 16. Nd2 Bxe5 17. c3 Bf5 18. Ke2 Rhd8 19. Rad1 Bf6 20. g4 Bg6 21.
Nb3 b6 22. a5 c5 23. Rxd8 Rxd8 24. axb6 axb6 25. Ra1 Kg7 26. Ra7 Bf7 27. Nd2 Bd5
28. c4 Ra8 29. Rc7 Bf7 30. Rb7 Bxb2 31. Rxe7 Bf6 32. Rb7 Ra2 33. Kf1 Bd4 34. Nxe4
Bxe3 35. fxe3 Kf8 36. Nd6 Bg6 37. Rxb6 Bd3+ 38. Kg1 Rc2 39. Rc6 Rc1+ 40. Kf2 Rh1
41. Kg2 Re1 42. Rxc5 Rxe3 43. Nf5 Be4+ 44. Kf2 Rf3+ 45. Ke2 Rf4 46. Nxh6 Bg2 47.
Rf5+ Rxf5 48. Nxf5 Bxh3 49. Ne3 Ke7 50. Kf3 Kd6 51. Kg3 Bxg4 52. Kxg4 Kc5 53.
Kxg5 1-0

[Event "Superliga w Szachach Szybkich"]
[Site "Wroclaw, Katowice, Krakow, Poznan"]
[Date "2023-10-17"]
[Round "4.8"]
[White "Zawadzka, Beata"]
[Black "Socko, Monika"]
[Result "0-1"]
[WhiteTitle "WGM"]
[BlackTitle "GM"]
[WhiteElo "2211"]
[BlackElo "2303"]

1. d4 Nf6 2. Bg5 d5 3. Bxf6 exf6 4. e3 Bd6 5. c4 dxc4 6. Bxc4 O-O 7. Nc3 Nd7 8.
Nf3 f5 9. O-O Nf6 10. Qc2 a6 11. a4 g6 12. Rfd1 Qe7 13. Bf1 b6 14. g3 Bb7 15.
Bg2 Rad8 16. Rac1 h5 17. Ne2 Ng4 18. Nf4 Be4 19. Qc4 Bxf4 20. exf4 a5 21. Qxc7
Qb4 22. Qc4 Qxb2 23. Rd2 Qa3 24. Rc3 Qd6 25. Ne5 Bxg2 26. Kxg2 Kg7 27. Rdd3 Nf6
28. Qc6 Nd5 29. Qxd6 Rxd6 30. Rc4 f6 31. Nf3 Rfd8 32. Rd2 R8d7 33. h4 Rc7 34.
Rdc2 Rxc4 35. Rxc4 Kf7 36. Kf1 Ke6 37. Ke2 Nb4 38. Ke3 Rc6 39. Nd2 Kd5 40. Rxc6
Nxc6 41. Kd3 Nxd4 42. Nc4 Nc6 43. Nxb6+ Kc5 44. Nd7+ Kb4 45. Nxf6 Kxa4 46. Kc4
Nb4 47. Nd7 Ka3 48. Ne5 a4 49. Nxg6 Nc2 50. Ne5 Kb2 51. Nd3+ Kb1 52. Nc5 a3 53.
Nb3 Kb2 54. g4 fxg4 55. f5 g3 56. fxg3 Ne3+ 57. Kb4 Nxf5 58. g4 hxg4 59. h5 g3
0-1

[Event "Superliga w Szachach Szybkich"]
[Site "Wroclaw, Katowice, Krakow, Poznan"]
[Date "2023-10-17"]
[Round "4.9"]
[White "Tomczak, Jacek"]
[Black "Volokitin, Andrei"]
[Result "0-1"]
[WhiteTitle "GM"]
[BlackTitle "GM"]
[WhiteElo "2549"]
[BlackElo "2626"]

1. e4 c5 2. Nf3 d6 3. c3 Nf6 4. Be2 g6 5. O-O Bg7 6. Bb5+ Nc6 7. Re1 Bg4 8. h3
Bxf3 9. Qxf3 O-O 10. Qd1 Rc8 11. a4 a6 12. Bf1 d5 13. exd5 Nxd5 14. Na3 e6 15.
d3 Rb8 16. Nc4 b5 17. axb5 axb5 18. Ne3 b4 19. Nxd5 Qxd5 20. Bd2 Rfd8 21. Ra6
c4 22. Bf4 bxc3 23. Bxb8 Nxb8 24. Ra4 cxb2 25. Rxc4 Nc6 26. Qa4 Ne5 27. Rc2 Nxd3
28. Rb1 Ra8 29. Qg4 h5 30. Qd1 Nf4 31. Rd2 Qg5 32. Kh2 h4 33. Rdxb2 Bxb2 34. Rxb2
Nxg2 35. Bxg2 Qe5+ 36. Kh1 Qxb2 37. Bxa8 Qxf2 38. Bg2 e5 39. Qf3 Qxf3 40. Bxf3
f5 41. Kg2 Kg7 42. Kf2 Kf6 43. Bc6 e4 44. Be8 g5 45. Bc6 Ke5 46. Bd7 Kf4 47. Bc8
g4 48. hxg4 fxg4 49. Kg2 h3+ 50. Kf1 Kf3 51. Kg1 e3 52. Bb7+ Kg3 53. Ba6 h2+ 54.
Kh1 Kf2 55. Bb5 g3 56. Bf1 e2 0-1

[Event "Superliga w Szachach Szybkich"]
[Site "Wroclaw, Katowice, Krakow, Poznan"]
[Date "2023-10-17"]
[Round "4.10"]
[White "Moranda, Wojciech"]
[Black "Warakomski, Tomasz"]
[Result "0-1"]
[WhiteTitle "GM"]
[BlackTitle "GM"]
[WhiteElo "2562"]
[BlackElo "2461"]

1. d4 Nf6 2. c4 e6 3. Nf3 d5 4. Nc3 dxc4 5. e4 b5 6. e5 Nd5 7. Nxb5 Nb6 8. Be2
Be7 9. O-O Nc6 10. Nc3 O-O 11. Qd2 Nb4 12. a3 N4d5 13. Ne4 Rb8 14. Re1 Bd7 15.
Nc5 Bc6 16. Qc2 h6 17. Bf1 Kh8 18. Re4 c3 19. b4 Nd7 20. Na6 Rb6 21. Rg4 f5 22.
Rg6 Qe8 23. Rxe6 Ba4 24. Qxa4 Rxe6 25. Qb3 c6 26. b5 N7b6 27. Nc5 Rg6 28. a4 Nc7
29. a5 Bxc5 30. dxc5 Nbd5 31. b6 Ne6 32. Ba3 Nef4 33. g3 Ne6 34. Rd1 f4 35. Rxd5
fxg3 36. hxg3 Rxf3 37. b7 Rf8 38. Rd6 Qf7 39. Qa2 Rxg3+ 40. Kh2 Qh5+ 41. Kxg3
Rf3+ 42. Kg2 Nf4+ 43. Kg1 Qg4+ 0-1